000 00438nam a2200181Ia 4500
001 2554
005 20260306144815.0
008 260306t2016||||xx |||||||||||||| ||spa||
041 _aESP
082 _a616.89142
_bG24
100 _aGarcía Palacios, Azucena
_eAUT
245 0 _aTerapia dialéctica comportamental
260 _c2016
300 _a167 páginas :
_c22 cm.
650 _aGEN
654 _aCPS
942 _cLIB
_dJUS
_fJUS
_2ddc
_n
999 _c2554
_d2554